| 000 | 00884cam a22002773a 4500 | ||
|---|---|---|---|
| 001 | 43036 | ||
| 003 | PGUSA | ||
| 005 | 20140828083958.0 | ||
| 008 | 130626s2013||||xxu|||||s|||||000 | eng d | ||
| 040 |
_aPGUSA _beng |
||
| 042 | _adc | ||
| 050 | 4 | _aDA | |
| 100 | 1 |
_aMorley, John, _d1838-1923 |
|
| 245 | 1 | 4 |
_aThe Life of William Ewart Gladstone : _bIndex _h[electronic resource] / _cJohn Morley |
| 260 |
_bProject Gutenberg, _c2013 |
||
| 506 | _aPublic domain in the USA. | ||
| 516 | _aElectronic text | ||
| 653 | _aGladstone, W. E. (William Ewart), 1809-1898 | ||
| 653 | _aIndexes | ||
| 653 | _aLiberal Party (Great Britain) -- Biography | ||
| 653 | _aGreat Britain -- Politics and government -- 1837-1901 | ||
| 653 | _aPrime ministers -- Great Britain -- Biography | ||
| 830 | 0 |
_aProject Gutenberg _v43036 |
|
| 856 | 4 | 0 | _uhttp://www.gutenberg.org/ebooks/43036 |
| 942 | _cEB | ||
| 999 |
_c272287 _d272287 |
||